Identidades y producciones culturales en América Latina / (Record no. 460)
[ view plain ]
| 000 -LEADER | |
|---|---|
| campo de control de longitud fija | 01230mam a2200289 a 4500 |
| 001 - NÚMERO DE CONTROL | |
| campo de control | 2056209 |
| 005 - FECHA Y HORA DE LA ÚLTIMA TRANSACCIÓN | |
| campo de control | 20220326193313.0 |
| 008 - DATOS DE LONGITUD FIJA--INFORMACIÓN GENERAL | |
| campo de control de longitud fija | 970324s1996 cr b 000 0 spa d |
| 020 ## - NÚMERO INTERNACIONAL ESTÁNDAR DEL LIBRO | |
| Número Internacional Estándar del Libro | 9977673020 |
| 035 ## - NÚMERO DE CONTROL DEL SISTEMA | |
| Número de control de sistema | (OCoLC)39001800 |
| 035 ## - NÚMERO DE CONTROL DEL SISTEMA | |
| Número de control de sistema | (OCoLC)ocm39001800 |
| 035 ## - NÚMERO DE CONTROL DEL SISTEMA | |
| Número de control de sistema | (CStRLIN)NYPGR36620783-B |
| 035 ## - NÚMERO DE CONTROL DEL SISTEMA | |
| Número de control de sistema | (NNC)2056209 |
| 040 ## - FUENTE DE CATALOGACIÓN | |
| Centro catalogador/agencia de origen | NcD |
| Centro/agencia transcriptor | NcD |
| Centro/agencia modificador | NN |
| -- | CStRLIN |
| 082 ## - NÚMERO DE LA CLASIFICACIÓN DECIMAL DEWEY | |
| Número de clasificación | 306 |
| Número de ítem | I19i |
| 100 ## - ENTRADA PRINCIPAL--NOMBRE DE PERSONA | |
| Nombre de persona | Ortiz O., María Salvadora. |
| 9 (RLIN) | 2204 |
| 245 00 - MENCIÓN DEL TÍTULO | |
| Título | Identidades y producciones culturales en América Latina / |
| Mención de responsabilidad, etc. | [compiladora, María Salvadora Ortiz O.] |
| 250 ## - MENCION DE EDICION | |
| Mención de edición | 1. ed. |
| 260 ## - PUBLICACIÓN, DISTRIBUCIÓN, ETC. | |
| Lugar de publicación, distribución, etc. | San José, Costa Rica : |
| Nombre del editor, distribuidor, etc. | Editorial de la Universidad de Costa Rica, |
| Fecha de publicación, distribución, etc. | 1996. |
| 300 ## - DESCRIPCIÓN FÍSICA | |
| Extensión | xviii, 726 p. ; |
| Dimensiones | 20 cm. |
| 504 ## - NOTA DE BIBLIOGRAFÍA, ETC. | |
| Nota de bibliografía, etc. | Includes bibliographical references. |
| 505 ## - NOTA DE CONTENIDO CON FORMATO | |
| Título | Introduccion |
| -- | Topicos Generales |
| -- | Literatura, Valores y Nación |
| -- | Historiografia, Identidades y practicas culturales |
| -- | Identidades y literatura |
| -- | Identidad y educación |
| -- | Culturas populares e identidades |
| -- | Modelos de desarrollo de la cultura |
| -- | Autores |
| 650 #0 - PUNTO DE ACCESO ADICIONAL DE MATERIA--TÉRMINO DE MATERIA | |
| Término de materia o nombre geográfico como elemento de entrada | Group identity |
| Subdivisión geográfica | Latin America. |
| Subdivisión de forma | Popular Culture |
| 9 (RLIN) | 2205 |
| 650 #0 - PUNTO DE ACCESO ADICIONAL DE MATERIA--TÉRMINO DE MATERIA | |
| Término de materia o nombre geográfico como elemento de entrada | National characteristics, Latin American. |
| 9 (RLIN) | 2206 |
| 700 1# - ENTRADA AGREGADA--NOMBRE PERSONAL | |
| Nombre de persona | Ortiz O., María Salvadora. |
| 9 (RLIN) | 2207 |
| Estatus retirado | Estado de pérdida | Fuente del sistema de clasificación o colocación | Estado de daño | No para préstamo | Biblioteca de origen | Biblioteca actual | Ubicación en estantería | Fecha de adquisición | Total de préstamos | Signatura topográfica completa | Código de barras | Visto por última vez | Precio de reemplazo | Tipo de ítem Koha |
|---|---|---|---|---|---|---|---|---|---|---|---|---|---|---|
| Clasificación Decimal Dewey | Biblioteca LadoV | Biblioteca LadoV | 18/03/2015 | 306 I19i | 000381 | 18/03/2015 | 18/03/2015 | Material 01 |
